Statistics for Flags of Old Countries Quiz

Click here to take the quiz!

General Stats

  • This quiz has been taken 165 times
  • The average score is 9 of 12

Answer Stats

Answer% Correct
Soviet Union
95%
Scotland
94%
Yugoslavia
92%
East Germany
89%
Texas
88%
West Germany
84%
Czechoslovakia
81%
Prussia
81%
Tibet
73%
South Vietnam
63%
North Yemen
19%
Tanganyika
19%

Score Distribution

Percentile by Number Answered

Percent of People with Each Score

Your Score History

You have not taken this quiz